000 01012nam a2200301Ia 4500
001 84637
003 IT-RoPAU
008 130308s9999 xx 000 0 und d
040 _aIT-RoPAU
040 _cIT-RoPAU
041 _aINGLESE
100 _aWebber Andrew Lloyd
100 _gCodice Aut. SPICS: 11199
245 _aAndrew Lloyd Webber Anthology (The)
245 _bAndrew Lloyd Webber Anthology (The)
250 _a1a ed.
260 _aLONDON
260 _bReally Useful Group Plc
260 _c1987 [1° Ed.:1987 - Ed.Ling.Originale:1987]
300 _a"144 p. (prefazione: no ; testo: 144 [pagine: 0-0])"
500 _a* Joseph And The Amazing Technicolor Dreamcoat* Jesus Christ Superstar* Evita* Cats* Song And Dance* Requiem* Starlight Express* The Phantom Of The Operaantologia di Webber Testi di Tim Rice selezione di 20 Anni di Lavoro
650 _aAUTORI/OPERE DI MUSICA
650 _eCodice materia Spics: 7007
942 _cBK
957 _71
999 _c73736
_d73736
999 _bSI
999 _g1